Mixed outlook for airport property (Record no. 75074)

MARC details
000 -LEADER
fixed length control field 00908cab a2200181 4500
001 - CONTROL NUMBER
control field L129339
008 - FIXED-LENGTH DATA ELEMENTS--GENERAL INFORMATION
fixed length control field 050413n2005 000 0 eng u
035 ## - SYSTEM CONTROL NUMBER
System control number (Sirsi) u129339
041 ## - LANGUAGE CODE
Language code of text/sound track or separate title eng
100 ## - MAIN ENTRY--PERSONAL NAME
Personal name Burke, Catherine
245 ## - TITLE STATEMENT
Title Mixed outlook for airport property
260 ## - PUBLICATION, DISTRIBUTION, ETC.
Date of publication, distribution, etc. 2005
490 ## - SERIES STATEMENT
Series statement Property Forecast
Volume/sequential designation 8(3) March 2005, 8-9(2)
520 ## - SUMMARY, ETC.
Summary, etc. Discusses the outlook for UK airport property following its recovery from the attack on the World Trade Center and the global economic revival. Regional airports will have good potential though there will be competion from the continent and rival local airports. The established hub airports will continue to attract occupiers and investors but increasing fuel prices and the possibility of a pollution tax will need to be considered.
590 ## - LOCAL NOTE (RLIN)
Local note IKA150405
690 ## - LOCAL SUBJECT ADDED ENTRY--TOPICAL TERM (OCLC, RLIN)
Topical term or geographic name as entry element PROPERTY-INFRASTRUCTURE-AIR TRANSPORT INFRASTRUCTURE
942 ## - ADDED ENTRY ELEMENTS (KOHA)
Suppress in OPAC 0
Holdings
Withdrawn status Lost status Source of classification or shelving scheme Damaged status Not for loan Home library Current library Shelving location Date acquired Total Checkouts Full call number Barcode Date last seen Copy number Price effective from Koha item type
    Dewey Decimal Classification     London London Journal article 13/04/2005   L129339 129339-1001 06/08/2019 1 06/08/2019 Journal article